[Event "Lugano Paradiso op 2nd"]
[Site "Lugano"]
[Date "2023.10.28"]
[Round "2"]
[White "Chennaoui, Yasin"]
[Black "Nergard, Ole Kristian"]
[Result "1-0"]
[WhiteElo "2109"]
[BlackElo "1746"]
[PlyCount "75"]
[EventDate "2023.10.27"]
[EventType "swiss"]
[EventRounds "5"]
[EventCountry "SUI"]
[SourceTitle "Mega2024 Update 01"]
[Source "Chessbase"]
[SourceDate "2023.11.12"]
[SourceVersion "1"]
[SourceVersionDate "2023.11.12"]
[SourceQuality "1"]

1. c3 g6 2. Nf3 Bg7 3. d4 Nf6 4. Bf4 0-0 5. Nbd2 d5 6. e3 c5 7. Be2 Nbd7 8. Ne5 Nxe5 9. Bxe5 Nd7 10. Bxg7 Kxg7 11. Nf3 Qc7 12. 0-0 b6 13. Rc1 Bb7 14. c4 dxc4 15. dxc5 Nxc5 16. Qd4+ Kg8 17. Qxc4 Ba6 18. Qc2 Bxe2 19. Qxe2 Qd6 20. Rfd1 Qe6 21. b4 Ne4 22. Nd4 Qf6 23. Rc6 Nd6 24. b5 h5 25. a4 Rfc8 26. Rdc1 e5 27. Nf3 Rxc6 28. bxc6 Ne4 29. Qb5 Nc5 30. a5 Rc8 31. axb6 axb6 32. Qxb6 Qxc6 33. Qxc6 Rxc6 34. Nxe5 Rc7 35. h3 Kg7 36. g4 hxg4 37. hxg4 Kf6 38. Rxc5 1-0

[Event "Fagernes op"]
[Site "Fagernes"]
[Date "2020.10.10"]
[Round "8"]
[White "Nergard, Ole Kristian"]
[Black "Overbo, Jon Holtan"]
[Result "1/2-1/2"]
[WhiteElo "1705"]
[BlackElo "1455"]
[PlyCount "112"]
[EventDate "2020.10.04"]
[EventType "swiss"]
[EventRounds "9"]
[EventCountry "NOR"]
[SourceTitle "EXT 2024"]
[Source "ChessBase"]
[SourceDate "2023.10.10"]
[SourceVersion "1"]
[SourceVersionDate "2023.10.10"]
[SourceQuality "1"]

1. c4 e5 2. g3 Nf6 3. Bg2 d5 4. cxd5 Nxd5 5. Nc3 Nb6 6. Nf3 Nc6 7. 0-0 Be7 8. d3 0-0 9. a3 a5 10. Be3 Be6 11. Rc1 Nd5 12. Nxd5 Bxd5 13. Nd2 Bxg2 14. Kxg2 Nd4 15. Bxd4 exd4 16. Qb3 Re8 17. Rc2 b6 18. Rfc1 Rc8 19. Rc6 Bg5 20. Qd1 Qd5+ 21. Kg1 Be7 22. Rxc7 Rxc7 23. Rxc7 Bc5 24. Qb3 Qf5 25. Ne4 h6 26. Nxc5 bxc5 27. Qc2 Qe5 28. Rxc5 Qxe2 29. Qxe2 Rxe2 30. Rxa5 Rxb2 31. Ra8+ Kh7 32. Rd8 Rb3 33. Rxd4 Rxa3 34. Kg2 Ra6 35. Kf3 Kg6 36. h4 Kf6 37. Kf4 g5+ 38. hxg5+ hxg5+ 39. Kg4 Ra2 40. f4 gxf4 41. Rxf4+ Ke6 42. Re4+ Kf6 43. Kf4 Rd2 44. d4 Rd1 45. Kg4 Kg6 46. Rf4 Rd3 47. Kh3 Rd2 48. g4 f6 49. Kh4 Rd3 50. Re4 Kh6 51. Re6 Kg7 52. Re7+ Kf8 53. Rd7 Ke8 54. Rd5 Ke7 55. Kh5 Ke6 56. Rd8 Ke7 1/2-1/2

[Event "Fagernes op"]
[Site "Fagernes"]
[Date "2020.10.09"]
[Round "7"]
[White "Erikstad, Olav Age"]
[Black "Nergard, Ole Kristian"]
[Result "1-0"]
[WhiteElo "1736"]
[BlackElo "1705"]
[PlyCount "103"]
[EventDate "2020.10.04"]
[EventType "swiss"]
[EventRounds "9"]
[EventCountry "NOR"]
[SourceTitle "EXT 2024"]
[Source "ChessBase"]
[SourceDate "2023.10.10"]
[SourceVersion "1"]
[SourceVersionDate "2023.10.10"]
[SourceQuality "1"]

1. e4 c6 2. d4 d5 3. e5 c5 4. c3 Nc6 5. Nf3 cxd4 6. cxd4 Bg4 7. Bb5 e6 8. 0-0 Nge7 9. Nc3 Nf5 10. Be3 Qb6 11. h3 Bh5 12. g4 Nxe3 13. fxe3 Bg6 14. h4 h6 15. h5 Bh7 16. Rc1 Be7 17. Qb3 0-0 18. Na4 Qa5 19. Nc5 Bxc5 20. Rxc5 Qb6 21. Bxc6 bxc6 22. Qxb6 axb6 23. Rxc6 Rxa2 24. Rxb6 Rc8 25. Rb7 Be4 26. Nd2 Bd3 27. Rfxf7 Rc1+ 28. Kg2 Rc2 29. Rf2 Raxb2 30. Rxb2 Rxb2 31. Kg3 Kh7 32. Kf4 Rb8 33. e4 dxe4 34. Nxe4 Rb4 35. Ke3 Rb3 36. Nc5 Bc4+ 37. Nxb3 Bxb3 38. Rb2 Bd5 39. Rc2 Kg8 40. Kf4 Kf7 41. Rc5 Ba2 42. Rc7+ Kf8 43. Rd7 Bb3 44. g5 hxg5+ 45. Kxg5 Ba2 46. h6 gxh6+ 47. Kxh6 Ke8 48. Ra7 Bb3 49. Kg5 Kf8 50. Kf6 Ke8 51. Re7+ Kd8 52. Rxe6 1-0

[Event "Fagernes op"]
[Site "Fagernes"]
[Date "2020.10.06"]
[Round "3"]
[White "Olsen, Geir Ove"]
[Black "Nergard, Ole Kristian"]
[Result "0-1"]
[WhiteElo "1509"]
[BlackElo "1705"]
[PlyCount "56"]
[EventDate "2020.10.04"]
[EventType "swiss"]
[EventRounds "9"]
[EventCountry "NOR"]
[SourceTitle "EXT 2024"]
[Source "ChessBase"]
[SourceDate "2023.10.10"]
[SourceVersion "1"]
[SourceVersionDate "2023.10.10"]
[SourceQuality "1"]

1. d4 Nf6 2. Nc3 d5 3. Bf4 a6 4. e3 e6 5. Bd3 c5 6. dxc5 Bxc5 7. Nf3 Nc6 8. 0-0 0-0 9. e4 dxe4 10. Nxe4 Be7 11. c3 b5 12. Qe2 Bb7 13. Rad1 Qa5 14. a3 Rfd8 15. Rd2 Rd5 16. Rfd1 Rad8 17. Nxf6+ Bxf6 18. h4 Qa4 19. Bxh7+ Kxh7 20. Rxd5 Rxd5 21. Rxd5 exd5 22. Ng5+ Bxg5 23. Bxg5 Qe4 24. Qh5+ Kg8 25. Be3 d4 26. cxd4 Nxd4 27. Qg5 f6 28. f3 Qb1+ 0-1

[Event "Gibraltar Challengers op-B"]
[Site "Caleta"]
[Date "2020.01.25"]
[Round "1"]
[White "Nergard, Ole Kristian"]
[Black "George, Lolomari Erekosima"]
[Result "1/2-1/2"]
[WhiteElo "1667"]
[BlackElo "2053"]
[PlyCount "84"]
[EventDate "2020.01.25"]
[EventType "swiss"]
[EventRounds "5"]
[EventCountry "GGB"]
[SourceTitle "CBM 194 Extra"]
[Source "ChessBase"]
[SourceDate "2020.03.31"]
[SourceVersion "1"]
[SourceVersionDate "2020.03.31"]
[SourceQuality "1"]

1. e4 c6 2. Nc3 d5 3. Nf3 Bg4 4. h3 Bh5 5. Be2 e6 6. 0-0 Bg6 7. d3 d4 8. Nb1 c5 9. Nbd2 Nc6 10. Nc4 Bd6 11. a4 Nge7 12. Nh4 Nc8 13. Nxg6 hxg6 14. f4 N8e7 15. Qe1 Qd7 16. Bd2 0-0-0 17. a5 Kb8 18. Qf2 Bc7 19. Rfb1 e5 20. b4 cxb4 21. Bxb4 exf4 22. Bd2 g5 23. Rb5 a6 24. Rb2 Rde8 25. Rab1 Nd8 26. Bg4 Qc6 27. Qxd4 Ng6 28. Bb4 Ne5 29. Bd6 Nxc4 30. Bxc7+ Kxc7 31. dxc4 Rxe4 32. Qxg7 Qc5+ 33. Kh2 Rhe8 34. Bf3 Re1 35. Rxb7+ Nxb7 36. Qxf7+ R1e7 37. Rxb7+ Kc8 38. Rxe7 Rxe7 39. Qg8+ Kc7 40. Qa8 Re1 41. Qb7+ Kd8 42. Qa8+ Kc7 1/2-1/2

[Event "London Classic op 11th"]
[Site "London"]
[Date "2019.12.02"]
[Round "5"]
[White "De Coverly, Roger D"]
[Black "Nergard, Ole Kristian"]
[Result "1-0"]
[WhiteElo "1974"]
[BlackElo "1639"]
[PlyCount "49"]
[EventDate "2019.11.29"]
[EventType "swiss"]
[EventRounds "9"]
[EventCountry "ENG"]
[SourceTitle "CBM 193 Extra"]
[Source "ChessBase"]
[SourceDate "2020.01.31"]
[SourceVersion "1"]
[SourceVersionDate "2020.01.31"]
[SourceQuality "1"]

1. e4 c5 2. c3 d5 3. exd5 Nf6 4. d4 Nxd5 5. Nf3 e6 6. Be2 cxd4 7. cxd4 Bb4+ 8. Bd2 Bxd2+ 9. Qxd2 Nc6 10. 0-0 0-0 11. Nc3 Nce7 12. Rfd1 b6 13. Rac1 Bb7 14. Ne5 f6 15. Nc4 Nxc3 16. bxc3 Rc8 17. Ne3 f5 18. Bc4 Rf6 19. Qe2 f4 20. Ng4 Rg6 21. Bxe6+ Kh8 22. Bxc8 Qxc8 23. f3 Nf5 24. Re1 Bd5 25. Qe8+ 1-0

[Event "London Classic op 11th"]
[Site "London"]
[Date "2019.11.30"]
[Round "2"]
[White "Nergard, Ole Kristian"]
[Black "Korning, Peter"]
[Result "1-0"]
[WhiteElo "1639"]
[BlackElo "1961"]
[PlyCount "135"]
[EventDate "2019.11.29"]
[EventType "swiss"]
[EventRounds "9"]
[EventCountry "ENG"]
[SourceTitle "CBM 193 Extra"]
[Source "ChessBase"]
[SourceDate "2020.01.31"]
[SourceVersion "1"]
[SourceVersionDate "2020.01.31"]
[SourceQuality "1"]

1. e4 e5 2. Nf3 Nc6 3. Bb5 a6 4. Ba4 Nf6 5. d3 b5 6. Bb3 Bc5 7. 0-0 d6 8. c3 Bb6 9. Nbd2 0-0 10. a4 Rb8 11. axb5 axb5 12. h3 Nd7 13. Qe2 Nc5 14. Bc2 Ne6 15. Nb3 Qf6 16. Be3 Nf4 17. Bxf4 Qxf4 18. d4 Bd7 19. Rfd1 Rfd8 20. Nc1 Qf6 21. Qd3 Ne7 22. Ne2 Ng6 23. Bb3 Be8 24. Qe3 h6 25. Nh2 Kh7 26. Ng4 Qg5 27. Qxg5 hxg5 28. g3 f6 29. Ne3 Ne7 30. Kg2 Bc6 31. d5 Bd7 32. Rh1 Bxe3 33. fxe3 Kg6 34. Ra7 Rdc8 35. g4 Kf7 36. Ng3 Ng6 37. Nf5 Ra8 38. Nxd6+ cxd6 39. Rxd7+ Kf8 40. Rxd6 Ke7 41. Rb6 Rab8 42. Ra6 Ra8 43. Rha1 Rxa6 44. Rxa6 Kd7 45. Rb6 Ra8 46. Rxb5 Nh4+ 47. Kf2 Ra1 48. c4 Rh1 49. Ke2 Rh2+ 50. Kd3 Rxh3 51. c5 Ng2 52. Rb7+ Kc8 53. Rxg7 Nxe3 54. Rg8+ Kb7 55. c6+ Kb6 56. Rb8+ Kc5 57. Ke2 Kd6 58. Rd8+ Kc7 59. Rd7+ Kc8 60. d6 Ng2 61. Rc7+ Kb8 62. Rb7+ Ka8 63. d7 Nf4+ 64. Kd2 Rh2+ 65. Kc3 Rh3+ 66. Kc4 Rh8 67. Kb5 Nd3 68. Kb6 1-0

[Event "Helsingor Xtracon op"]
[Site "Helsingor"]
[Date "2019.07.25"]
[Round "7"]
[White "Nergard, Ole Kristian"]
[Black "Zemlicka, Vit"]
[Result "0-1"]
[WhiteElo "1505"]
[BlackElo "1982"]
[PlyCount "84"]
[EventDate "2019.07.20"]
[EventType "swiss"]
[EventRounds "10"]
[EventCountry "DEN"]
[SourceTitle "CBM 191 Extra"]
[Source "ChessBase"]
[SourceDate "2019.09.30"]
[SourceVersion "1"]
[SourceVersionDate "2019.09.30"]
[SourceQuality "1"]

1. e4 g6 2. Nc3 Bg7 3. f4 c5 4. Nf3 Nc6 5. Be2 e6 6. 0-0 Nge7 7. d3 d6 8. Be3 Nd4 9. Qd2 Nec6 10. Nd1 0-0 11. c3 Nxe2+ 12. Qxe2 b6 13. Bd2 b5 14. Ne3 a5 15. g4 f5 16. gxf5 exf5 17. exf5 gxf5 18. Rf2 Ra7 19. Rg2 Kh8 20. Nd5 Ne7 21. Nxe7 Rxe7 22. Qf2 Bb7 23. Rg3 Rfe8 24. Re1 Rxe1+ 25. Bxe1 Qe7 26. Kf1 a4 27. a3 Bf6 28. Rh3 Rg8 29. Rg3 Rxg3 30. hxg3 Qe6 31. Qe2 Qd7 32. Kf2 Qc6 33. Qe3 Kg7 34. Ke2 Qd5 35. Bd2 Bc6 36. Ne1 Qb3 37. Bc1 b4 38. axb4 cxb4 39. Qb6 bxc3 40. Qxb3 axb3 41. bxc3 Bxc3 42. Ba3 b2 0-1

[Event "Helsingor Xtracon op"]
[Site "Helsingor"]
[Date "2019.07.24"]
[Round "6"]
[White "Jaques, Hannibal Valeur"]
[Black "Nergard, Ole Kristian"]
[Result "0-1"]
[WhiteElo "1807"]
[BlackElo "1505"]
[PlyCount "48"]
[EventDate "2019.07.20"]
[EventType "swiss"]
[EventRounds "10"]
[EventCountry "DEN"]
[SourceTitle "CBM 191 Extra"]
[Source "ChessBase"]
[SourceDate "2019.09.30"]
[SourceVersion "1"]
[SourceVersionDate "2019.09.30"]
[SourceQuality "1"]

1. e4 c5 2. c3 d5 3. exd5 Nf6 4. d4 Nxd5 5. Nf3 e6 6. Be2 cxd4 7. cxd4 Bb4+ 8. Bd2 Bxd2+ 9. Qxd2 Nc6 10. 0-0 0-0 11. Nc3 Nce7 12. Rac1 b6 13. Ne5 Bb7 14. Bf3 Rb8 15. a3 a6 16. Qe2 Nf4 17. Qe3 Bxf3 18. Nxf3 Nfd5 19. Qd3 b5 20. Ne4 Nf4 21. Qd2 Ned5 22. Nc5 a5 23. Ne5 Qg5 24. Ng4 Nh3+ 0-1

[Event "Reykjavik op"]
[Site "Reykjavik"]
[Date "2019.04.13"]
[Round "6"]
[White "Nergard, Ole Kristian"]
[Black "Johannsson, Birkir Isak"]
[Result "0-1"]
[WhiteElo "1507"]
[BlackElo "2005"]
[PlyCount "58"]
[EventDate "2019.04.08"]
[EventType "swiss"]
[EventRounds "9"]
[EventCountry "ISL"]
[SourceTitle "CBM 189 Extra"]
[Source "ChessBase"]
[SourceDate "2019.06.03"]
[SourceVersion "1"]
[SourceVersionDate "2019.06.03"]
[SourceQuality "1"]

1. e4 c5 2. d4 cxd4 3. c3 Nf6 4. e5 Nd5 5. cxd4 d6 6. exd6 Qxd6 7. Nc3 Nc6 8. Bc4 Nb6 9. Bb5 Bd7 10. Nf3 a6 11. Bxc6 Bxc6 12. 0-0 e6 13. Ne5 Rc8 14. Bf4 Qd8 15. Qh5 Qe7 16. Rfd1 g6 17. Qg4 Bg7 18. d5 Bxd5 19. Nxd5 Nxd5 20. Rxd5 f5 21. Qf3 exd5 22. Qxd5 Rc5 23. Qd2 Bxe5 24. Bg5 Qd6 25. Qe2 0-0 26. Rd1 Qe6 27. Kh1 Re8 28. Re1 Bf4 29. Qxe6+ Rxe6 0-1

[Event "London Classic op 10th"]
[Site "London"]
[Date "2018.12.12"]
[Round "4"]
[White "Nergard, Ole Kristian"]
[Black "Olarasu, Iuliana"]
[Result "0-1"]
[WhiteElo "1630"]
[BlackElo "2058"]
[PlyCount "62"]
[EventDate "2018.12.09"]
[EventType "swiss"]
[EventRounds "9"]
[EventCountry "ENG"]
[SourceTitle "CBM 187 Extra"]
[Source "ChessBase"]
[SourceDate "2018.11.04"]
[SourceVersion "1"]
[SourceVersionDate "2018.11.04"]
[SourceQuality "1"]

1. e4 e6 2. d4 d5 3. exd5 exd5 4. c4 Nf6 5. Nf3 Be7 6. Nc3 0-0 7. h3 Re8 8. Be3 c5 9. Be2 dxc4 10. dxc5 Nbd7 11. c6 Nb6 12. Qxd8 Bxd8 13. Nb5 bxc6 14. Nd6 Re6 15. Nxc8 Rxc8 16. 0-0 Nfd5 17. Bxb6 Rxe2 18. Bxd8 Rxd8 19. Rab1 Rb8 20. Rfe1 Rxe1+ 21. Nxe1 f6 22. f3 Nc3 23. Ra1 Rxb2 24. a4 a5 25. f4 Rb1 26. Rxb1 Nxb1 27. Nc2 Nc3 28. Kf2 Nxa4 29. Ke3 c5 30. Ke4 Nb6 31. Ke3 Kf7 0-1

[Event "London Classic op 10th"]
[Site "London"]
[Date "2018.12.09"]
[Round "1"]
[White "Pollack, Oscar"]
[Black "Nergard, Ole Kristian"]
[Result "1-0"]
[WhiteElo "2150"]
[BlackElo "1630"]
[PlyCount "51"]
[EventDate "2018.12.09"]
[EventType "swiss"]
[EventRounds "9"]
[EventCountry "ENG"]
[SourceTitle "CBM 187 Extra"]
[Source "ChessBase"]
[SourceDate "2018.11.04"]
[SourceVersion "1"]
[SourceVersionDate "2018.11.04"]
[SourceQuality "1"]

1. e4 c5 2. Nf3 d6 3. d4 cxd4 4. Nxd4 Nf6 5. Nc3 g6 6. Be3 Bg7 7. f3 0-0 8. Qd2 Nc6 9. 0-0-0 d5 10. exd5 Nxd5 11. Nxc6 bxc6 12. Bd4 Bxd4 13. Qxd4 Qb6 14. Nxd5 Qxd4 15. Nxe7+ Kg7 16. Rxd4 Re8 17. Nxc6 Be6 18. Bc4 Bxc4 19. Rxc4 Re2 20. g3 Rc8 21. Ne5 Rd8 22. f4 Rdd2 23. Rc7 a5 24. Rxf7+ Kg8 25. Rc7 Kf8 26. Rd1 1-0

[Event "Oslo CC-chB"]
[Site "Oslo"]
[Date "2018.11.18"]
[Round "5"]
[White "Nergard, Ole Kristian"]
[Black "Myklebust, Johnny"]
[Result "1-0"]
[WhiteElo "1582"]
[BlackElo "1306"]
[PlyCount "111"]
[EventDate "2018.09.06"]
[EventType "swiss"]
[EventRounds "9"]
[EventCountry "NOR"]
[SourceTitle "EXT 2024"]
[Source "ChessBase"]
[SourceDate "2023.10.10"]
[SourceVersion "1"]
[SourceVersionDate "2023.10.10"]
[SourceQuality "1"]

1. e4 e5 2. Nf3 Nc6 3. Bb5 a6 4. Ba4 b5 5. Bb3 Nf6 6. 0-0 Be7 7. c3 Nxe4 8. Re1 Nf6 9. Nxe5 Nxe5 10. Rxe5 d6 11. Re1 0-0 12. d4 Bb7 13. a4 Re8 14. Bg5 Nd5 15. Bd2 Qd7 16. Na3 Nb6 17. axb5 axb5 18. Qh5 g6 19. Qxb5 Qg4 20. Qf1 Ba6 21. f3 Bxf1 22. fxg4 Ba6 23. Nc2 Bb7 24. Rxa8 Bxa8 25. Bg5 Kf8 26. Bh6+ Kg8 27. Nb4 Bb7 28. Rf1 d5 29. Re1 c5 30. Bg5 cxb4 31. Rxe7 Rxe7 32. Bxe7 bxc3 33. bxc3 Nc4 34. Kf2 Ba6 35. g5 Bc8 36. Bxc4 dxc4 37. d5 f5 38. gxf6 Bb7 39. d6 Bc8 40. Ke3 Be6 41. Kd4 g5 42. d7 Bxd7 43. Kxc4 Kf7 44. Kd5 Bc8 45. Kd6 Be6 46. Kc5 h5 47. g3 Kg6 48. Kd4 Kf5 49. c4 Kg4 50. c5 h4 51. gxh4 gxh4 52. c6 Kh3 53. Bd6 Kg2 54. c7 h3 55. Bg3 Kf3 56. Ke5 1-0

[Event "Oslo CC-chB"]
[Site "Oslo"]
[Date "2018.10.14"]
[Round "4"]
[White "Andersen, Erik Sexe"]
[Black "Nergard, Ole Kristian"]
[Result "0-1"]
[WhiteElo "1249"]
[BlackElo "1582"]
[PlyCount "56"]
[EventDate "2018.09.06"]
[EventType "swiss"]
[EventRounds "9"]
[EventCountry "NOR"]
[SourceTitle "EXT 2024"]
[Source "ChessBase"]
[SourceDate "2023.10.10"]
[SourceVersion "1"]
[SourceVersionDate "2023.10.10"]
[SourceQuality "1"]

1. d4 b6 2. e4 e6 3. Nf3 Bb7 4. Nc3 Bb4 5. Bd3 Nf6 6. 0-0 Bxc3 7. bxc3 Nxe4 8. Bxe4 Bxe4 9. Re1 Bb7 10. d5 0-0 11. c4 d6 12. Ng5 e5 13. Qg4 h6 14. Ne6 fxe6 15. Bxh6 Qe7 16. Bg5 Qf7 17. dxe6 Qxf2+ 18. Kh1 Nc6 19. Bh6 Qf6 20. Bg5 Qg6 21. Rf1 Rae8 22. Rxf8+ Rxf8 23. Kg1 Bc8 24. Rf1 Rxf1+ 25. Kxf1 Bxe6 26. Qf3 Qf5 27. Qxf5 Bxf5 28. c3 Bd3+ 0-1

[Event "Oslo op"]
[Site "Oslo"]
[Date "2018.10.04"]
[Round "6"]
[White "Nergard, Ole Kristian"]
[Black "Ragnarsson, Johann Hjortur"]
[Result "0-1"]
[WhiteElo "1582"]
[BlackElo "2007"]
[PlyCount "62"]
[EventDate "2018.09.30"]
[EventType "swiss"]
[EventRounds "10"]
[EventCountry "NOR"]
[SourceTitle "EXT 2020"]
[Source "ChessBase"]
[SourceDate "2019.10.17"]
[SourceVersion "1"]
[SourceVersionDate "2019.10.17"]
[SourceQuality "1"]

1. e4 c6 2. d4 d5 3. Nc3 dxe4 4. Nxe4 Bf5 5. Ng3 Bg6 6. Bc4 e6 7. Nf3 Nd7 8. 0-0 Bd6 9. Bg5 Ngf6 10. Nh4 Qc7 11. a4 0-0 12. f4 Nd5 13. Qf3 h6 14. Bxh6 gxh6 15. f5 Bxg3 16. hxg3 exf5 17. Ra3 Qb6 18. Bxd5 Qxd4+ 19. Qe3 Qxe3+ 20. Rxe3 cxd5 21. Re7 Nc5 22. Nxf5 Bxf5 23. Rxf5 Nxa4 24. Rxb7 Nb6 25. Rf6 Kg7 26. Rc6 Rfc8 27. Re6 Rxc2 28. Ree7 Rf8 29. Rxa7 d4 30. b3 d3 31. Ra1 d2 0-1

[Event "Oslo op"]
[Site "Oslo"]
[Date "2018.10.03"]
[Round "5"]
[White "Tunsjo, Axel"]
[Black "Nergard, Ole Kristian"]
[Result "1-0"]
[WhiteElo "1927"]
[BlackElo "1582"]
[PlyCount "81"]
[EventDate "2018.09.30"]
[EventType "swiss"]
[EventRounds "10"]
[EventCountry "NOR"]
[SourceTitle "EXT 2020"]
[Source "ChessBase"]
[SourceDate "2019.10.17"]
[SourceVersion "1"]
[SourceVersionDate "2019.10.17"]
[SourceQuality "1"]

1. e4 c5 2. Nc3 a6 3. g3 d6 4. Bg2 g6 5. Nge2 Bg7 6. 0-0 Nf6 7. d3 0-0 8. h3 Nc6 9. Be3 e6 10. Qd2 Qc7 11. f4 b5 12. g4 b4 13. Nd1 Ne8 14. f5 Ne7 15. e5 Nd5 16. f6 dxe5 17. fxg7 Nxg7 18. g5 Bb7 19. Ng3 Rad8 20. b3 Nf5 21. Ne4 Nfxe3 22. Nxe3 Nf4 23. Ng4 Bxe4 24. Nf6+ Kg7 25. Nxe4 Rh8 26. Qe3 Rd4 27. Rae1 h6 28. gxh6+ Rxh6 29. Ng5 Kf6 30. Qxe5+ Qxe5 31. Rxe5 Kxe5 32. Nxf7+ Kf6 33. Nxh6 Kg5 34. Ng4 Kh4 35. Kh2 Ne2 36. Re1 Nf4 37. Re4 Rxe4 38. dxe4 Ne2 39. Bf1 Nd4 40. Bd3 a5 41. Kg2 1-0

[Event "Oslo op"]
[Site "Oslo"]
[Date "2018.10.02"]
[Round "4"]
[White "Nergard, Ole Kristian"]
[Black "Rukovci, Shemsi"]
[Result "1-0"]
[WhiteElo "1582"]
[BlackElo "2003"]
[PlyCount "167"]
[EventDate "2018.09.30"]
[EventType "swiss"]
[EventRounds "10"]
[EventCountry "NOR"]
[SourceTitle "EXT 2020"]
[Source "ChessBase"]
[SourceDate "2019.10.17"]
[SourceVersion "1"]
[SourceVersionDate "2019.10.17"]
[SourceQuality "1"]

1. e4 d6 2. Nf3 Nd7 3. d4 g6 4. Bc4 Bg7 5. 0-0 e6 6. c3 Ne7 7. Ng5 Nb6 8. Bb3 d5 9. Nd2 c6 10. f4 0-0 11. a4 a5 12. e5 Qc7 13. Qf3 c5 14. Qh3 h6 15. Ngf3 Bd7 16. Rf2 Bc6 17. Nf1 c4 18. Bc2 Qd7 19. g4 Bxa4 20. Bxa4 Nxa4 21. Ng3 b5 22. f5 exf5 23. gxf5 Ra6 24. Bxh6 Nxf5 25. Bxg7 Kxg7 26. Nh4 Rh8 27. Ngxf5+ Kf8 28. Qf3 gxf5 29. Nxf5 Rg6+ 30. Kh1 Rh7 31. Raf1 Qe6 32. Nd6 Rgg7 33. Nxb5 Rh3 34. Qf4 Qg6 35. Nc7 Nb6 36. e6 Nc8 37. exf7 Rh5 38. Re2 Rxf7 39. Re8+ Kg7 40. Qxf7+ Qxf7 41. Rxf7+ Kxf7 42. Rxc8 Ke7 43. Ra8 Kd7 44. Nb5 Kc6 45. Na3 Kb6 46. Rb8+ Kc6 47. Rb5 a4 48. Ra5 Rf5 49. Kg2 Rg5+ 50. Kh1 Rf5 51. Nxc4 Rf1+ 52. Kg2 Rb1 53. Rc5+ Kd7 54. Rxd5+ Ke7 55. Ra5 Ke6 56. Rxa4 Kd5 57. Rb4 Rc1 58. Ne3+ Ke4 59. Kf2 Ra1 60. d5+ Ke5 61. Rd4 Kd6 62. Nc4+ Kd7 63. Ne5+ Kd6 64. Nf7+ Kd7 65. h4 Ra6 66. h5 Rf6+ 67. Kg3 Rxf7 68. Rg4 Rf5 69. Rg7+ Kd6 70. Kg4 Rf2 71. h6 Rxb2 72. c4 Ke5 73. Re7+ Kf6 74. d6 Rd2 75. c5 Rd4+ 76. Kf3 Rd3+ 77. Ke4 Rd1 78. h7 Re1+ 79. Kd5 Rh1 80. Kc6 Rh2 81. Kd7 Kg6 82. c6 Rh3 83. c7 Rd3 84. h8Q 1-0

[Event "Oslo CC-chB"]
[Site "Oslo"]
[Date "2018.09.27"]
[Round "3"]
[White "Nergard, Ole Kristian"]
[Black "Landsverk, Ida"]
[Result "0-1"]
[WhiteElo "1582"]
[BlackElo "1348"]
[PlyCount "53"]
[EventDate "2018.09.06"]
[EventType "swiss"]
[EventRounds "9"]
[EventCountry "NOR"]
[SourceTitle "EXT 2024"]
[Source "ChessBase"]
[SourceDate "2023.10.10"]
[SourceVersion "1"]
[SourceVersionDate "2023.10.10"]
[SourceQuality "1"]

1. e4 c6 2. d4 d5 3. exd5 cxd5 4. c4 Nc6 5. Nf3 Nf6 6. Bg5 Ne4 7. Bh4 Qa5+ 8. Nbd2 Bg4 9. Be2 e6 10. 0-0 Nxd2 11. Nxd2 Bxe2 12. Qxe2 Nxd4 13. Qd3 Nf5 14. Bg3 Be7 15. a3 0-0 16. b4 Qd8 17. Rad1 dxc4 18. Qxc4 Qb6 19. Be5 Ne3 20. fxe3 Qxe3+ 21. Kh1 Qxe5 22. Rfe1 Qb2 23. Nb1 Rac8 24. Qf4 Rfd8 25. Rxd8+ Rxd8 26. Qc7 Qe2 27. Rc1 0-1